• 首页
  • 本馆介绍
  • 公告通知
  • 最新文献
  • 馆藏检索
  • 电子资源
  • 读者导购
  • 参考咨询
  • 我的图书馆
  • 登录
  • 详细信息显示
  • 放入我的书架
  • 预约/预借图书
  • 作者相关作品
  • 分类相关作品
  • 丛书相关作品
  • 出版社相关作品

书目信息

  • 表格格式
  • 工作单格式
  • 卡片格式
题名:
化学分析方式及仪器研究
    
 
作者: 韩爱鸿 , 李艳霞 , 张建夫 编著
分册:  
出版信息: 北京   中国水利水电出版社  2014
页数: 251页
开本: 26cm
丛书名:
单 册:
中图分类: O65 , TH83
科图分类:
主题词: 化学分析 , 化学分析--分析仪器
电子资源:
ISBN: 978-7-5170-1772-1
000 01054nam0 2200277 450
001 012015000344
005 20150914154802.92
010    @a978-7-5170-1772-1@dCNY56.00
100    @a20141209d2014 em y0chiy50 ea
101 0  @achi
102    @aCN@b110000
105    @aa z 000yy
106    @ar
200 1  @a化学分析方式及仪器研究@Ahua xue fen xi fang shi ji yi qi yan jiu@f韩爱鸿,李艳霞,张建夫编著
210    @a北京@c中国水利水电出版社@d2014
215    @a251页@c图@d26cm
330    @a本书主要介绍重要的化学分析方式和相应的仪器,包括紫外可见分光光度分析、红外吸收光谱分析、原子光谱分析、核磁共振波谱分析、毛细管电泳分析、气相色谱分析、高效液相色谱分析和库仑分析。另外,还简要阐述旋光分析法、X射线粉末衍射法、柱色谱法、电子能谱法和热分析法的原理与应用。
606 0  @a化学分析
606 0  @a化学分析@x分析仪器
690    @aO65@v5
690    @aTH83@v5
701  0 @a韩爱鸿@Ahan ai hong@4编著
701  0 @a李艳霞@Ali yan xia@4编著
701  0 @a张建夫@Azhang jian fu@4编著
801  0 @aCN@b碧洲教育@c20150718
905    @a10447@f12@dO65@e153
    
    化学分析方式及仪器研究/韩爱鸿,李艳霞,张建夫编著.-北京:中国水利水电出版社,2014
    251页:图;26cm
    
    
    ISBN 978-7-5170-1772-1:CNY56.00
    本书主要介绍重要的化学分析方式和相应的仪器,包括紫外可见分光光度分析、红外吸收光谱分析、原子光谱分析、核磁共振波谱分析、毛细管电泳分析、气相色谱分析、高效液相色谱分析和库仑分析。另外,还简要阐述旋光分析法、X射线粉末衍射法、柱色谱法、电子能谱法和热分析法的原理与应用。
●
相关链接 在E读中查询图书 在五车中查询图书 在当当中查询图书 在豆瓣中查询图书


正题名:化学分析方式及仪器研究     索取号:O65/153         预约/预借

序号 登录号 条形码 馆藏地/架位号 状态 备注
1 0848136   208481365   第二样本阅览室/ [索取号:O65/153] 在馆    
2 0848137   208481374   第三借阅区/ [索取号:O65/153] 在馆    
3 0848138   208481383   第三借阅区/ [索取号:O65/153] 在馆    
4 0848139   208481392   密集书库-化学系/ [索取号:O65/153] 在馆    
5 0848267   208482676   密集书库-化学系/ [索取号:O65/153] 在馆    
6 0848268   208482685   第三借阅区/ [索取号:O65/153] 在馆    
7 0848269   208482694   第三借阅区/ [索取号:O65/153] 在馆    
8 0848270   208482701   第三借阅区/ [索取号:O65/153] 在馆    
9 0849667   208496670   密集书库-化学系/ [索取号:O65/153] 在馆    
10 0849668   208496689   第三借阅区/ [索取号:O65/153] 在馆    
11 0849669   208496698   第三借阅区/ [索取号:O65/153] 在馆    
12 0849670   208496705   第三借阅区/ [索取号:O65/153] 在馆    
唐山师范学院图书馆 欢迎您!
大连网信软件有限公司© 版权所有